Forty centuries look down, (Record no. 552648)
[ view plain ]
| 000 -LEADER | |
|---|---|
| fixed length control field | 00415cam a22001451 4500 |
| 082 ## - DEWEY DECIMAL CLASSIFICATION NUMBER | |
| Classification number | 823 |
| Author Mark | AUS |
| 100 1# - MAIN ENTRY--PERSONAL NAME | |
| Personal name | Austin, F. Britten |
| 9 (RLIN) | 49905 |
| 245 10 - TITLE STATEMENT | |
| Title | Forty centuries look down, |
| Remainder of title | a novel |
| Statement of responsibility, etc. | by F. Britten Austin. |
| 260 ## - PUBLICATION, DISTRIBUTION, ETC. | |
| Place of publication, distribution, etc. | London, |
| Name of publisher, distributor, etc. | T. Butterworth |
| Date of publication, distribution, etc. | [1936] |
| 300 ## - PHYSICAL DESCRIPTION | |
| Extent | 384 p. |
| Dimensions | 20 cm. |
| 500 ## - GENERAL NOTE | |
| General note | Maps on lining papers. |
| 526 ## - STUDY PROGRAM INFORMATION NOTE | |
| Program name | 0 |
| Interest level | 0 |
| Reading level | 0 |
| Title point value | 823_000000000000000_AUS |
| 650 ## - SUBJECT ADDED ENTRY--TOPICAL TERM | |
| Topical term or geographic name entry element | MCE |
| 9 (RLIN) | 379 |
| 942 ## - ADDED ENTRY ELEMENTS (KOHA) | |
| Source of classification or shelving scheme | |
| Koha item type | Book |
| Withdrawn status | Lost status | Source of classification or shelving scheme | Damaged status | Not for loan | Permanent Location | Current Location | Shelving location | Date acquired | Total Checkouts | Full call number | Barcode | Date last seen | Price effective from | Koha item type |
|---|---|---|---|---|---|---|---|---|---|---|---|---|---|---|
| Military College of Engineering (MCE) | Military College of Engineering (MCE) | 01/20/2015 | 823 AUS | MCE-ECF/83 | 01/20/2015 | 01/20/2015 | Book |
